[Event "Barcelona Torxa op 2nd"]
[Site "Barcelona"]
[Date "2009.09.02"]
[Round "2"]
[White "Angles Borrell, Oscar"]
[Black "Cervello Tost, Ferran"]
[Result "1/2-1/2"]
[WhiteElo "1897"]
[BlackElo "1817"]
[PlyCount "104"]
[EventDate "2009.09.01"]
[EventType "swiss"]
[EventRounds "7"]
[EventCountry "ESP"]
[SourceTitle "EXT 2024"]
[Source "ChessBase"]
[SourceDate "2023.10.10"]
[SourceVersion "1"]
[SourceVersionDate "2023.10.10"]
[SourceQuality "1"]

1. e4 e5 2. Nf3 Nc6 3. Bb5 g6 4. 0-0 Bg7 5. Nc3 Nge7 6. d3 a6 7. Bc4 h6 8. Ne2 0-0 9. c3 Na5 10. Bb3 Nxb3 11. Qxb3 Kh7 12. d4 d6 13. dxe5 dxe5 14. Rd1 Qe8 15. Ng3 Qc6 16. Qb4 Re8 17. h4 Qb6 18. Qxb6 cxb6 19. Be3 b5 20. h5 g5 21. Rd6 Be6 22. a4 bxa4 23. Rxa4 Nc6 24. Nf5 Red8 25. Ra1 Bxf5 26. Rxd8 Rxd8 27. exf5 f6 28. Ra3 g4 29. Nh2 Rd1+ 30. Nf1 Ne7 31. Rb3 Nxf5 32. Rxb7 g3 33. Ra7 gxf2+ 34. Bxf2 Rb1 35. Rd7 e4 36. Rd5 e3 37. Rxf5 e2 38. Bh4 exf1Q+ 39. Rxf1 Rxb2 40. Bxf6 Rb5 41. Bxg7 Kxg7 42. Ra1 a5 43. g4 Kf6 44. Kh2 Kg5 45. Kg3 Re5 46. Ra3 a4 47. Rxa4 Re3+ 48. Kf2 Rxc3 49. Kg2 Rc2+ 50. Kf3 Rc3+ 51. Kf2 Rc2+ 52. Ke3 Rc3+ 1/2-1/2